Friends Tricky Quiz - Statistics

General Stats
  • This quiz has been taken 102 times
  • The average score is 10 of 15
Answer Stats
Question Answer % Correct
Name of Joey's hot dancer roommate Janine
89%
Which character is falsely called Toby chandler
88%
Name the famous actress who plays Chandler's girlfriend who later locks him in the bathroom julia roberts
86%
What body part of Joey is incredibly small, as per Ross feet
85%
Name the character of Ross' student girlfriend elizabeth
83%
What instrument does Ross want to play Monica and Chandler's wedding bagpipes
78%
What does Rachel say the last name of Carrol was, when asked by Ross lesbian
74%
At what word does Rachel laugh when Ross is giving his speech at the conference in Barbados homo
73%
what does Ursula's bf dress up as at the Halloween party Solar system
65%
What does Frank Jr like to do as hobby melt
63%
What does Mike want to become pianist
61%
At the same event above, which word cracks Joey up erectus
59%
As per Ross' fake story to seduce his dates, where did he go backpacking barcelona
27%
Name Phoebe's stuffed toy when all the characters race the toys on Emma's first birthday allan
25%
What was Phoebe's new year resolution in the episode where Ross wears leather pants to fly a plane
1%
No matching quizzes found
Score Distribution
Percent of People with Each Score
Percentile by Number Answered
Your Score History
You have not taken this quiz